Các bài toán động lực học chọn lọc

Các khái niệm cơ bản về động lực học. Các bài toán động lực học chọn lọc

Saved in:
Bibliographic Details
Main Author: Nguyễn, Văn Hiệu (Tác giả)
Other Authors: Trương Thành Th.S (Hướng dẫn)
Format: Book
Language:Vietnamese
Published: Đà Nẵng Đại học Đà Nẵng 2006
Subjects:
Tags: Add Tag
No Tags, Be the first to tag this record!
Institutions: Mạng thư viện Đại học Đà Nẵng
LEADER 01287nam a2200349 4500
001 000012117
003 8404
005 20120216070239.0
008 120216s2006 viesd
041 |a vie 
072 |a Khóa luận tốt nghiệp 
082 |a 537.67  |b NG-H 
100 |a Nguyễn, Văn Hiệu  |e Tác giả 
245 |a Các bài toán động lực học chọn lọc  |c Nguyễn Văn Hiệu 
260 |a Đà Nẵng  |b Đại học Đà Nẵng  |c 2006 
300 |a 84 tr.  |c 29 cm 
500 |a Khóa luận tốt nghiệp khoa Vật lý. 
520 |a Các khái niệm cơ bản về động lực học. Các bài toán động lực học chọn lọc 
653 |a Bài toán 
653 |a Động lực học 
653 |a Vật lý 
700 |a Trương Thành  |c Th.S  |e Hướng dẫn 
OWN |a LSP 
AVA |a UDN50  |b LSP  |d 537.67 NG-H  |e available  |t Error 5001 Not defined in file expand_doc_bib_avail.  |f 1  |g 0  |h N  |i 0  |k 1 
999 |a From the UDN01 
AVA |a UDN50  |b LSP  |d 537.67 NG-H  |e available  |t Error 5001 Not defined in file expand_doc_bib_avail.  |f 1  |g 0  |h N  |i 0  |k 1 
TYP |a Monograph 
TYP |a Printed language 
980 |a Mạng thư viện Đại học Đà Nẵng